[Event "Nuremberg-ch op 03rd"]
[Site "Nuremberg"]
[Date "2003.05.30"]
[Round "1"]
[White "Baryczka, Anita"]
[Black "Babichev, Vyacheslav"]
[Result "1-0"]
[WhiteElo "1887"]
[BlackElo "1766"]
[PlyCount "100"]
[EventDate "2003.05.30"]
[EventType "swiss"]
[EventRounds "5"]
[EventCountry "GER"]
[SourceTitle "EXT 2006"]
[Source "ChessBase"]
[SourceDate "2005.11.24"]
[SourceVersion "1"]
[SourceVersionDate "2005.11.24"]
[SourceQuality "1"]

1. e4 g6 2. f4 Bg7 3. Nf3 Nc6 4. Nc3 e5 5. fxe5 Nxe5 6. Nxe5 Bxe5 7. Qf3 d6 8. Bc4 Be6 9. Bxe6 fxe6 10. Rf1 Qe7 11. g3 0-0-0 12. d3 Nf6 13. Bg5 Rdf8 14. Qe3 c5 15. 0-0-0 Qd7 16. Bf4 Bxc3 17. bxc3 Ng4 18. Qe2 e5 19. Be3 h6 20. d4 Rxf1 21. Rxf1 Nxe3 22. Qxe3 b6 23. Rf6 g5 24. h4 gxh4 25. gxh4 h5 26. dxe5 dxe5 27. Qg5 Qg4 28. Qxe5 Rh7 29. Qe8+ Kb7 30. Rf7+ Rxf7 31. Qxf7+ Kc6 32. Qe7 Qf4+ 33. Kb2 a5 34. e5 b5 35. e6 b4 36. Qd7+ Kb6 37. e7 bxc3+ 38. Kxc3 Qe3+ 39. Kb2 a4 40. Qd8+ Kb7 41. c3 a3+ 42. Kb3 Qe6+ 43. c4 Qe3+ 44. Ka4 Qc3 45. Qd7+ Kb6 46. Qb5+ Kc7 47. e8Q Qc2+ 48. Qb3 Qg2 49. Qe7+ Kc8 50. Qxc5+ Kd7 1-0

[Event "POL-ch U16 Girls"]
[Site "Wisla"]
[Date "2000.??.??"]
[Round "7"]
[White "Baryczka, Anita"]
[Black "Markiewicz, Marta"]
[Result "1/2-1/2"]
[WhiteElo "1600"]
[BlackElo "1800"]
[PlyCount "45"]
[EventDate "2000.02.26"]
[EventType "swiss"]
[EventRounds "11"]
[EventCountry "POL"]
[SourceTitle "EXT 2005"]
[Source "ChessBase"]
[SourceDate "2004.11.15"]
[SourceVersion "1"]
[SourceVersionDate "2004.11.15"]
[SourceQuality "1"]

1. e4 c5 2. Nc3 Nc6 3. f4 e6 4. Nf3 d6 5. Bb5 Bd7 6. Bxc6 Bxc6 7. d3 g6 8. 0-0 Bg7 9. Bd2 Ne7 10. Rb1 0-0 11. Ng5 h6 12. Nh3 b5 13. Ne2 b4 14. Ng3 f5 15. c4 bxc3 16. Bxc3 Bxc3 17. bxc3 d5 18. exf5 exf5 19. Re1 d4 20. c4 Re8 21. Re5 Nc8 22. Qe2 Nb6 23. Re1 1/2-1/2

[Event "POL-ch U16 Girls"]
[Site "Wisla"]
[Date "2000.??.??"]
[Round "1"]
[White "Kazmierczak, Marta"]
[Black "Baryczka, Anita"]
[Result "1-0"]
[WhiteElo "1800"]
[BlackElo "1600"]
[PlyCount "68"]
[EventDate "2000.02.26"]
[EventType "swiss"]
[EventRounds "11"]
[EventCountry "POL"]
[SourceTitle "EXT 2005"]
[Source "ChessBase"]
[SourceDate "2004.11.15"]
[SourceVersion "1"]
[SourceVersionDate "2004.11.15"]
[SourceQuality "1"]

1. e4 e5 2. Nf3 Nc6 3. d4 exd4 4. Nxd4 Bc5 5. Be3 Nxd4 6. Bxd4 Bxd4 7. Qxd4 Nf6 8. Bc4 d6 9. 0-0 0-0 10. Nc3 Qe7 11. Nd5 Nxd5 12. Bxd5 Qe5 13. Qxe5 dxe5 14. Rad1 c6 15. Bb3 Re8 16. Rd6 Kf8 17. Rfd1 Bg4 18. f3 Bh5 19. Kf2 f6 20. Be6 Bf7 21. Bf5 h6 22. a3 Re7 23. Rd7 Rxd7 24. Rxd7 b6 25. Rc7 c5 26. Ke2 Ke8 27. b3 Kf8 28. Bd7 a6 29. a4 Rb8 30. a5 b5 31. Rxc5 Be8 32. Rc8 Rxc8 33. Bxc8 Bc6 34. Bxa6 Ke7 1-0